02012cam a22003731 4500001001300000003000400013005001700017008004100034010001700075035001900092040006700111042001200178043001200190050002200202082002100224100003300245245011900278260006100397300008400458490005000542500024500592500005700837500025700894501012601151504002801277650004101305650003701346700003201383710002901415710005901444710007101503830004701574999001701621gs 42000105 DLC20260227111347.0780223s1941 ksuab b 000 0 eng c ags 42000105  a(OCoLC)3664428 aU. S. Geol. Survey. LibrarycTxEUdOCoLCdWaChenEdOCoLCdDLC apremarc an-us-ks00aQE113b.A2 no. 37 a(557.81)a551.491 aLatta, Bruce Ferrell,d1916-10aGeology and ground-water resources of Stanton County, Kansas /cby Bruce F. Latta ; analyses by Robert H. Hess ... aTopeka :bPrinted by Kansas State Printing Plant,c1941. a119 p. :bincl. illus., tables, diagrs., 2 fold. maps, fold. profiles ;c23 cm.1 aKansas. State Geological Survey. Bulletinv37 aAt head of title: State Geological Survey of Kansas, Raymond C. Moore ... State Geologist and Director, John C. Frye ... Assistant State Geologist and Assistant Director. Division of Ground Water, Stanley W. Lohman, Geologist in Charge ... a"University of Kansas Publications, November, 1941." a"Prepared by the United States Geological survey, and the State geological survey of Kansas, with the cooperation of the Division of sanitation of the Kansas State board of health, and the Division of water resources, Kansas Stte board of agriculture." aWith : Geological studies in southwestern Kansas / by H.T.U. Smith, 1940. Bound together subsequent to publication.5DLC aBibliography: p. 87-89. 0aGroundwaterzKansaszStanton County. 0aGeologyzKansaszStanton County.1 aHess, Robert Harlan,d1910-2 aGeological Survey (U.S.)2 aKansas State Board of Health.bDivision of Sanitation.1 aKansas.bState Board of Agriculture.bDivision of Water Resources. 0aBulletin (Kansas Geological Survey) ;v37. c27778d27778